Normal view MARC view
  • Bell, David E. & Schleifer, JR Arthur

Entry Personal Name

Number of records used in: 1

001 - CONTROL NUMBER

  • control field: 4568

003 - CONTROL NUMBER IDENTIFIER

  • control field: OSt

005 - DATE AND TIME OF LATEST TRANSACTION

  • control field: 20180719152345.0

008 - FIXED-LENGTH DATA ELEMENTS

  • fixed length control field: 180719|| aca||aabn | a|a d

040 ## - CATALOGING SOURCE

  • Original cataloging agency: OSt
  • Transcribing agency: OSt

100 ## - HEADING--PERSONAL NAME

  • Personal name: Bell, David E. & Schleifer, JR Arthur

670 ## - SOURCE DATA FOUND

  • Source citation: Work cat.: (OSt)1889: Bell, David E. & Schleifer, JR Arthur, Risk Management